000 00347nam a2200169Ia 4500
008 210210b xxu||||| |||| 00| 0 eng d
041 _aeng
082 _a872/74
100 _a-
245 _aKerala maha charithram
260 _a
_b-
_c
650 _amaha
650 _aKerala
650 _acharithram
690 _aMalayalam
906 _a002489
999 _c124460
_d124460